| LEADER |
01811nam0a2200205 450 |
| 001 |
16847396 |
| 010 |
|
|
|a 978-2-02-158946-7
|b broché sous jaq
|d 23
|
| 100 |
|
|
|a 20251003d2026 u u0frey01 ba
|
| 101 |
1 |
|
|a fre
|c eng
|
| 102 |
|
|
|a FR
|
| 200 |
0 |
|
|a Gabriel's moon
|e roman
|f William Boyd
|g traduit de l'anglais (Grande-Bretagne) par Isabelle Perrin
|
| 207 |
|
1 |
|a
|
| 210 |
|
|
|a Paris
|c Editions du Seuil
|d DL 2025
|
| 215 |
|
|
|a 1 volume (353 pages)
|c jaquette illustrée en couleurs
|d 22 cm
|
| 330 |
|
|
|a Au début des années 1960, Gabriel Dax, auteur reconnu de récits de voyage, réalise au Congo une interview du Premier ministre Patrice Lumumba, qui avoue craindre pour sa vie. De retour à Londres, Gabriel apprend son assassinat. Contacté par Faith Green, une mystérieuse agente du MI6, il tombe bientôt sous son emprise et devient son espion, son « idiot utile », bas[xc2][xad]culant dans un labyrinthe de duplicité et de trahisons. Les missions s¹enchaînent à travers l¹Europe, Cadix un jour, Varsovie un autre, ponctuées de rencontres inquiétantes. Alors que les bandes enregistrées de l¹interview de Lumumba par Gabriel attisent l¹intérêt de certains, l¹affrontement entre Américains et Soviétiques sur fond de crise des missiles à Cuba fait redouter une troisième guerre mondiale. Déroulant les tours et détours d¹une intrigue com[xc2][xad]plexe, où alternent indices trompeurs et fausses coi[u0308]nci[xc2][xad]dences, William Boyd conjugue ici le genre du roman d¹espionnage et l¹art virtuose de la narration. Le résultat est spectaculaire.
|
| 700 |
|
0 |
|a Boyd
|b William
|f 1952-....
|4 70
|
| 701 |
|
0 |
|a Perrin
|b Isabelle
|f 1967-....
|4 730
|
| 900 |
|
|
|a Roman
|
| 901 |
|
|
|a Accessible au prêt
|
| 995 |
|
|
|a Bibliothèque
|c Bibliothèque
|f 024025866
|h 024025866
|k R BOY
|o p
|q a
|r az
|e Bibliothèque
|